[Event "Gerunda Tardor 3rd op"]
[Site "Gerunda"]
[Date "2019.11.12"]
[Round "7.10"]
[White "Torres Garcia, Xavier"]
[Black "Asensio Graells, Ricard"]
[Result "0-1"]
[WhiteElo "1670"]
[BlackElo "1813"]
[PlyCount "52"]
[EventDate "2019.09.24"]
[EventType "swiss"]
[EventRounds "9"]
[EventCountry "ESP"]
[SourceTitle "EXT 2024"]
[Source "ChessBase"]
[SourceDate "2023.10.10"]
[SourceVersion "1"]
[SourceVersionDate "2023.10.10"]
[SourceQuality "1"]

1. e4 e5 2. Nf3 d6 3. Bc4 h6 4. Nc3 Nf6 5. d3 c6 6. Qe2 Nbd7 7. d4 Qc7 8. dxe5 dxe5 9. Be3 b5 10. Bb3 Bb4 11. a3 Bxc3+ 12. bxc3 Nxe4 13. Qd3 Nef6 14. 0-0 e4 15. Qd1 exf3 16. Qxf3 0-0 17. Rfe1 Re8 18. Rad1 Nf8 19. c4 Bg4 20. Qg3 Qxg3 21. hxg3 Bxd1 22. Rxd1 Rad8 23. Rxd8 Rxd8 24. Bxa7 Rd1+ 25. Kh2 Ng4+ 26. Kh3 f5 0-1

[Event "Barcelona Sant Marti op-B 5th"]
[Site "Barcelona"]
[Date "2016.03.03"]
[Round "8"]
[White "Asensio Graells, Ricard"]
[Black "Menbrive Hernandez, Juan"]
[Result "1-0"]
[WhiteElo "1612"]
[BlackElo "1673"]
[PlyCount "69"]
[EventDate "2016.01.14"]
[EventType "swiss"]
[EventRounds "9"]
[EventCountry "ESP"]
[SourceTitle "EXT 2017"]
[Source "ChessBase"]
[SourceDate "2016.10.25"]
[SourceVersion "1"]
[SourceVersionDate "2016.10.25"]
[SourceQuality "1"]

1. Nf3 d5 2. g3 Nf6 3. Bg2 Nc6 4. d3 e6 5. Nbd2 g6 6. 0-0 Bg7 7. Re1 Bd7 8. Nf1 h6 9. e4 d4 10. h3 e5 11. N3h2 Qc8 12. g4 g5 13. Ng3 Ne7 14. c3 c5 15. Nf5 Nxf5 16. gxf5 b6 17. Bd2 Qa6 18. Qe2 Bb5 19. c4 Bc6 20. Ng4 b5 21. b3 b4 22. Nxe5 0-0 23. Nxc6 Qxc6 24. e5 Qc8 25. Bxa8 Qxa8 26. exf6 Bxf6 27. Qe4 Qb8 28. f4 Qd6 29. Re2 Kh8 30. Rae1 Qc7 31. Rg2 Rg8 32. fxg5 Be7 33. Qxe7 Qc6 34. Qf6+ Qxf6 35. gxf6 1-0

[Event "Barcelona Sant Marti op-B 5th"]
[Site "Barcelona"]
[Date "2016.01.28"]
[Round "3"]
[White "Rodriguez Guillen, Carlos"]
[Black "Asensio Graells, Ricard"]
[Result "1-0"]
[WhiteElo "1724"]
[BlackElo "1612"]
[PlyCount "93"]
[EventDate "2016.01.14"]
[EventType "swiss"]
[EventRounds "9"]
[EventCountry "ESP"]
[SourceTitle "EXT 2017"]
[Source "ChessBase"]
[SourceDate "2016.10.25"]
[SourceVersion "1"]
[SourceVersionDate "2016.10.25"]
[SourceQuality "1"]

1. e4 d5 2. exd5 Nf6 3. d4 Bg4 4. Nf3 Qxd5 5. Nc3 Qd8 6. Bc4 e6 7. h3 Bf5 8. 0-0 c6 9. Bf4 Be7 10. Re1 Nbd7 11. Nh4 Bg6 12. Nxg6 hxg6 13. Qd3 Nb6 14. Bxe6 fxe6 15. Qxg6+ Kd7 16. Qf7 Qg8 17. Qg6 Rf8 18. Be5 Rh6 19. Qd3 Qf7 20. Re2 Bd6 21. Rd1 Qg6 22. Qf3 Nfd5 23. Qd3 Qxd3 24. Rxd3 Rf7 25. Re4 Nc4 26. Na4 b6 27. b3 Nxe5 28. dxe5 Bxe5 29. Rxe5 Ke7 30. c4 Nf4 31. Rf3 Rhf6 32. Kh2 Kd6 33. Re4 e5 34. Nc3 g5 35. g3 g4 36. gxf4 exf4 37. hxg4 Rh6+ 38. Rh3 Rg6 39. f3 Rff6 40. Rh5 Rg7 41. Ne2 Rgf7 42. Kh3 c5 43. g5 Rf5 44. Kg4 Rf8 45. Nxf4 Kd7 46. Rh7+ Kd8 47. Ne6+ 1-0

[Event "Sitges Sunway op-B 2nd"]
[Site "Sitges"]
[Date "2015.12.13"]
[Round "1"]
[White "Heil, Walter"]
[Black "Asensio Graells, Ricard"]
[Result "1-0"]
[WhiteElo "1940"]
[BlackElo "1603"]
[PlyCount "104"]
[EventDate "2015.12.13"]
[EventType "swiss"]
[EventRounds "9"]
[EventCountry "ESP"]
[SourceTitle "CBM 170 Extra"]
[Source "ChessBase"]
[SourceDate "2016.02.25"]
[SourceVersion "1"]
[SourceVersionDate "2016.02.25"]
[SourceQuality "1"]

1. e4 d5 2. exd5 Nf6 3. d4 Bg4 4. f3 Bf5 5. Bd3 Qd7 6. Ne2 c6 7. dxc6 Nxc6 8. c3 0-0-0 9. Bxf5 Qxf5 10. Ng3 Qg6 11. f4 h5 12. f5 Qh7 13. Qf3 g6 14. 0-0 h4 15. Ne2 Rd5 16. fxg6 fxg6 17. c4 Rf5 18. Qh3 e6 19. Bd2 Ne4 20. Qd3 Rxf1+ 21. Kxf1 g5 22. Kg1 Qf5 23. Qf3 Qg6 24. Qg4 Kd8 25. Be3 Bd6 26. Nbc3 Nxc3 27. bxc3 Be7 28. Rf1 Kd7 29. d5 Ne5 30. dxe6+ Qxe6 31. Qxe6+ Kxe6 32. Bd4 Rc8 33. Re1 Nc6 34. Nf4+ Kf7 35. Nd5 Bd6 36. c5 Bf4 37. Nxf4 gxf4 38. Re4 Kg6 39. Rxf4 Kg5 40. Rf7 b6 41. cxb6 axb6 42. Bxb6 Ra8 43. Rc7 Ne5 44. Ra7 Rb8 45. Ra5 Rxb6 46. Rxe5+ Kf4 47. Re2 Rc6 48. Rf2+ Ke3 49. Rf3+ Ke2 50. h3 Ra6 51. Rf4 Rxa2 52. Rxh4 Ra1+ 1-0

[Event "Santa Eugenia op 10th"]
[Site "Santa Eugenia"]
[Date "2015.??.??"]
[Round "3"]
[White "Rodriguez Balmana, Jaume"]
[Black "Asensio Graells, Ricard"]
[Result "1-0"]
[WhiteElo "1956"]
[BlackElo "1852"]
[PlyCount "63"]
[EventDate "2015.04.17"]
[EventType "swiss"]
[EventRounds "9"]
[EventCountry "ESP"]
[SourceTitle "EXT 2016"]
[Source "ChessBase"]
[SourceDate "2015.10.08"]
[SourceVersion "1"]
[SourceVersionDate "2015.10.08"]
[SourceQuality "1"]

1. b3 d6 2. Bb2 e5 3. e3 Nf6 4. c4 g6 5. d3 Bg7 6. Nf3 0-0 7. Be2 Re8 8. 0-0 Nbd7 9. Nc3 h6 10. d4 e4 11. Nd2 c6 12. Rc1 Nf8 13. h3 d5 14. cxd5 cxd5 15. Nb5 Ne6 16. Qc2 Nh7 17. Ba3 Bf8 18. Bxf8 Rxf8 19. Nc7 Nxc7 20. Qxc7 Qg5 21. Kh2 f5 22. Qg3 Qf6 23. f4 Kh8 24. Rc7 Rg8 25. Rfc1 h5 26. h4 Qd6 27. Nb1 Qe6 28. Nc3 a6 29. Na4 Qd6 30. Qe1 b5 31. R1c6 Qd8 32. Nb6 1-0

[Event "Sant Adria de Besos op 10th"]
[Site "Sant Adria de Besos"]
[Date "2014.06.15"]
[Round "7"]
[White "Asensio Graells, Ricard"]
[Black "Corral, Carlos"]
[Result "0-1"]
[WhiteElo "1612"]
[BlackElo "1736"]
[PlyCount "66"]
[EventDate "2014.05.04"]
[EventType "swiss"]
[EventRounds "8"]
[EventCountry "ESP"]
[SourceTitle "EXT 2015"]
[Source "ChessBase"]
[SourceDate "2014.11.20"]
[SourceVersion "1"]
[SourceVersionDate "2014.11.20"]
[SourceQuality "1"]

1. Nf3 d5 2. g3 Nc6 3. d3 e5 4. Nbd2 Nf6 5. e4 dxe4 6. dxe4 Bg4 7. h3 Bh5 8. g4 Bg6 9. Qe2 a6 10. c3 Qd7 11. Nh2 0-0-0 12. Qf3 Nxe4 13. Nb3 Nf6 14. Qe2 Qd5 15. f3 h5 16. g5 Nh7 17. Bg2 Bd3 18. f4 e4 19. Qe3 g6 20. Kf2 a5 21. h4 a4 22. Qh3+ Kb8 23. Nd2 Bc5+ 24. Ke1 f5 25. Nhf1 Rhe8 26. Ne3 Qf7 27. Bf1 Nf8 28. Bxd3 Rxd3 29. Ndc4 b5 30. Na3 Bxa3 31. bxa3 Rxc3 32. Rb1 Nd4 33. Bb2 Qxa2 0-1

[Event "Santa Eugenia op 8th"]
[Site "Girona"]
[Date "2013.08.??"]
[Round "6.10"]
[White "Arribas Viera, David"]
[Black "Asensio Graells, Ricard"]
[Result "0-1"]
[WhiteElo "1387"]
[BlackElo "1612"]
[PlyCount "74"]
[EventDate "2013.08.19"]
[EventType "swiss"]
[EventRounds "9"]
[EventCountry "ESP"]
[SourceTitle "EXT 2024"]
[Source "ChessBase"]
[SourceDate "2023.10.10"]
[SourceVersion "1"]
[SourceVersionDate "2023.10.10"]
[SourceQuality "1"]

1. d4 Nf6 2. Nf3 d6 3. Bf4 Nbd7 4. e3 g6 5. c3 h6 6. h3 Bg7 7. Nbd2 0-0 8. Be2 Re8 9. 0-0 e5 10. dxe5 dxe5 11. Bh2 e4 12. Nd4 a6 13. a4 Nf8 14. Qc2 g5 15. Rfd1 Re7 16. a5 Bd7 17. N4b3 Qc8 18. Nc5 Bf5 19. Qb3 Rb8 20. Qb4 Re8 21. Nc4 N8d7 22. Nxd7 Nxd7 23. g4 Bf8 24. Qb3 Be6 25. Qc2 f5 26. gxf5 Bxf5 27. Bh5 Re7 28. Bg4 Bxg4 29. hxg4 Nf6 30. Ne5 Qe8 31. Qe2 Rxe5 32. Bxe5 Qxe5 33. f3 Bd6 34. Rd2 Rf8 35. Rf1 Qg3+ 36. Kh1 Qh4+ 37. Kg2 exf3+ 0-1

[Event "Santa Eugenia op 8th"]
[Site "Girona"]
[Date "2013.08.??"]
[Round "8.10"]
[White "Asensio Graells, Ricard"]
[Black "Ros Agusti, Salvador"]
[Result "1-0"]
[WhiteElo "1612"]
[BlackElo "1512"]
[PlyCount "53"]
[EventDate "2013.08.19"]
[EventType "swiss"]
[EventRounds "9"]
[EventCountry "ESP"]
[SourceTitle "EXT 2024"]
[Source "ChessBase"]
[SourceDate "2023.10.10"]
[SourceVersion "1"]
[SourceVersionDate "2023.10.10"]
[SourceQuality "1"]

1. e4 c5 2. d3 d6 3. g3 Nf6 4. Nf3 Bg4 5. Bg2 Nc6 6. h3 Bxf3 7. Bxf3 g6 8. 0-0 Bg7 9. c3 0-0 10. Re1 Qd7 11. Bg2 e5 12. Be3 h6 13. Nd2 Kh7 14. Nf1 Ng8 15. g4 Qe7 16. f4 exf4 17. Bxf4 Be5 18. Bxe5 Nxe5 19. Ne3 Qh4 20. Rf1 Rad8 21. d4 cxd4 22. cxd4 Nd7 23. Qb3 Qg3 24. Rf3 Qh4 25. Raf1 Ndf6 26. e5 dxe5 27. dxe5 1-0

[Event "Santa Eugenia op 8th"]
[Site "Girona"]
[Date "2013.08.??"]
[Round "7.9"]
[White "Asensio Graells, Ricard"]
[Black "Salleras Mercader, Josep M"]
[Result "0-1"]
[WhiteElo "1612"]
[BlackElo "1455"]
[PlyCount "80"]
[EventDate "2013.08.19"]
[EventType "swiss"]
[EventRounds "9"]
[EventCountry "ESP"]
[SourceTitle "EXT 2024"]
[Source "ChessBase"]
[SourceDate "2023.10.10"]
[SourceVersion "1"]
[SourceVersionDate "2023.10.10"]
[SourceQuality "1"]

1. Nf3 d5 2. g3 e6 3. Bg2 c5 4. d3 Nf6 5. 0-0 Bd6 6. Nbd2 0-0 7. Re1 e5 8. e4 d4 9. h3 Nc6 10. Nf1 Rb8 11. N3h2 Qc7 12. g4 b5 13. Ng3 c4 14. a3 a5 15. Nf5 Bxf5 16. gxf5 Rfc8 17. h4 Kh8 18. Bh3 Ne7 19. Re2 c3 20. b3 Rd8 21. Re1 g6 22. Bg5 Neg8 23. Ng4 Be7 24. Qc1 Nxg4 25. Bxg4 f6 26. Bh6 Nxh6 27. Qxh6 Bf8 28. Qc1 Bg7 29. Kg2 Rg8 30. fxg6 hxg6 31. Kf1 Qf7 32. Ke2 f5 33. exf5 gxf5 34. Bf3 Rbe8 35. Rg1 e4 36. dxe4 fxe4 37. Bg4 d3+ 38. cxd3 exd3+ 39. Kxd3 Rd8+ 40. Ke2 Rd2+ 0-1

[Event "Santa Eugenia op 8th"]
[Site "Girona"]
[Date "2013.08.??"]
[Round "4.9"]
[White "Esteve Ferrer, Pau"]
[Black "Asensio Graells, Ricard"]
[Result "1-0"]
[WhiteElo "1498"]
[BlackElo "1612"]
[PlyCount "76"]
[EventDate "2013.08.19"]
[EventType "swiss"]
[EventRounds "9"]
[EventCountry "ESP"]
[SourceTitle "EXT 2024"]
[Source "ChessBase"]
[SourceDate "2023.10.10"]
[SourceVersion "1"]
[SourceVersionDate "2023.10.10"]
[SourceQuality "1"]

1. e4 d5 2. exd5 Nf6 3. c4 e6 4. dxe6 Bxe6 5. Nf3 Nc6 6. d4 Bb4+ 7. Nc3 Ne4 8. Bd2 Nxd2 9. Qxd2 Qe7 10. 0-0-0 0-0-0 11. a3 Na5 12. Qc2 Bxa3 13. Qa4 Bb4 14. Na2 Nxc4 15. Bxc4 Bxc4 16. Qxb4 Qe6 17. Nc3 Rhe8 18. Rhe1 Qh6+ 19. Kb1 Rxe1 20. Nxe1 Qg6+ 21. Ka1 Qa6+ 22. Qa4 Qxa4+ 23. Nxa4 Bb3 24. Rd3 Bxa4 25. Nf3 Be8 26. Re3 h6 27. Re7 Bc6 28. Ne5 Rxd4 29. g3 Rd1+ 30. Ka2 Rf1 31. Nxc6 bxc6 32. Rxf7 g5 33. Rf5 Kd7 34. Kb3 Ke8 35. Kb4 c5+ 36. Kxc5 Rc1+ 37. Kb4 Kd7 38. Kb3 Rc6 1-0

[Event "Santa Eugenia op 7th"]
[Site "Santa Eugenia"]
[Date "2013.01.18"]
[Round "2"]
[White "Asensio Graells, Ricard"]
[Black "Carraminana Puig, Jordi"]
[Result "1-0"]
[WhiteElo "1595"]
[BlackElo "1790"]
[PlyCount "45"]
[EventDate "2013.01.11"]
[EventType "swiss"]
[EventRounds "9"]
[EventCountry "ESP"]
[SourceTitle "EXT 2014"]
[Source "ChessBase"]
[SourceDate "2013.11.20"]
[SourceVersion "1"]
[SourceVersionDate "2013.11.20"]
[SourceQuality "1"]

1. Nf3 Nf6 2. g3 d5 3. d3 c5 4. Bg2 Nc6 5. Nbd2 e5 6. e4 d4 7. 0-0 Be7 8. Re1 Bg4 9. h3 Bd7 10. Nh2 Qc8 11. g4 0-0 12. Ndf1 h6 13. f4 exf4 14. Bxf4 g5 15. Bg3 Be6 16. e5 Nd5 17. Be4 Nf4 18. Bxf4 gxf4 19. Qf3 Bg5 20. Qg2 Qc7 21. Nf3 Nxe5 22. Nxe5 Qxe5 23. Bh7+ 1-0

[Event "Girona-ch"]
[Site "Girona"]
[Date "2012.02.10"]
[Round "5"]
[White "Asensio Graells, Ricard"]
[Black "Giro Castellet, Esteve"]
[Result "1-0"]
[WhiteElo "1520"]
[BlackElo "1608"]
[PlyCount "75"]
[EventDate "2012.01.13"]
[EventType "swiss"]
[EventRounds "9"]
[EventCountry "ESP"]
[SourceTitle "EXT 2013"]
[Source "ChessBase"]
[SourceDate "2012.11.22"]
[SourceVersion "1"]
[SourceVersionDate "2012.11.22"]
[SourceQuality "1"]

1. Nf3 d5 2. d3 e6 3. g3 Nd7 4. Nbd2 c6 5. Bg2 Ngf6 6. 0-0 Bb4 7. c3 Ba5 8. Qc2 0-0 9. e4 Bc7 10. Re1 dxe4 11. dxe4 e5 12. h3 Re8 13. g4 h6 14. Nf1 Nf8 15. Ng3 g5 16. Nf5 Bxf5 17. gxf5 Nh5 18. Qe2 Ng7 19. Nh2 Nd7 20. Be3 Qe7 21. Ng4 Kh7 22. Qd2 Red8 23. b4 a5 24. Nxh6 Kxh6 25. h4 f6 26. Bf3 axb4 27. Kg2 bxc3 28. hxg5+ Kh7 29. Rh1+ Kg8 30. Qc1 Nxf5 31. exf5 fxg5 32. Bxg5 Qg7 33. Rh6 Nf8 34. f6 Qd7 35. Qxc3 Qe6 36. Rah1 Ng6 37. Rxg6+ Kf7 38. Rg7+ 1-0

[Event "Girona-ch"]
[Site "Girona"]
[Date "2012.02.03"]
[Round "4"]
[White "Gallart Vila, Joan"]
[Black "Asensio Graells, Ricard"]
[Result "1-0"]
[WhiteElo "1754"]
[BlackElo "1520"]
[PlyCount "65"]
[EventDate "2012.01.13"]
[EventType "swiss"]
[EventRounds "9"]
[EventCountry "ESP"]
[SourceTitle "EXT 2013"]
[Source "ChessBase"]
[SourceDate "2012.11.22"]
[SourceVersion "1"]
[SourceVersionDate "2012.11.22"]
[SourceQuality "1"]

1. e4 d5 2. exd5 Nf6 3. Nf3 Nxd5 4. Bc4 Bg4 5. 0-0 e6 6. d4 Nb6 7. Bb3 Nc6 8. c3 Qd7 9. a4 Bd6 10. a5 Nc8 11. Re1 N8e7 12. Nbd2 Ng6 13. d5 Nce5 14. dxe6 fxe6 15. Ra4 h5 16. h3 Bf5 17. Nd4 0-0-0 18. a6 b6 19. N2f3 Rde8 20. Nxf5 exf5 21. Re3 Re7 22. Rd4 Rhe8 23. Ba4 Nc6 24. Rxe7 Rxe7 25. Kf1 Re4 26. Qb3 Qe8 27. Rxe4 fxe4 28. Ng5 Nf4 29. Nf7 Nd3 30. Be3 Nc5 31. Bxc5 Bxc5 32. Qd5 Qe7 33. Qxc6 1-0

[Event "Figueres op 12th"]
[Site "Figueres"]
[Date "2011.08.18"]
[Round "9"]
[White "Asensio Graells, Ricard"]
[Black "Parals Marce, Luis"]
[Result "0-1"]
[WhiteElo "1510"]
[BlackElo "2077"]
[PlyCount "74"]
[EventDate "2011.08.11"]
[EventType "swiss"]
[EventRounds "9"]
[EventCountry "ESP"]
[SourceTitle "CBM 143 Extra"]
[Source "ChessBase"]
[SourceDate "2011.08.29"]
[SourceVersion "1"]
[SourceVersionDate "2011.08.29"]
[SourceQuality "1"]

1. e4 c5 2. d3 Nc6 3. g3 g6 4. Nf3 Bg7 5. Bg2 d6 6. 0-0 Rb8 7. Nbd2 b5 8. Rb1 b4 9. Nb3 a5 10. a4 Bg4 11. Nbd2 Qd7 12. Re1 e5 13. b3 Nge7 14. Nf1 Nd4 15. Ne3 Bxf3 16. Bxf3 0-0 17. Bg2 f5 18. Bh3 Qc7 19. Ng2 fxe4 20. Nh4 Nd5 21. Qg4 Nc3 22. Rb2 exd3 23. cxd3 Kh8 24. Be3 Nf5 25. Nxf5 gxf5 26. Qf3 e4 27. dxe4 fxe4 28. Qg2 d5 29. Bd2 Rbe8 30. Bf4 Be5 31. Bxe5+ Rxe5 32. Rf1 Re7 33. g4 Qe5 34. Rd2 Rf3 35. Re1 Qg5 36. Rc2 d4 37. Rcc1 Qh4 0-1

[Event "Figueres op 12th"]
[Site "Figueres"]
[Date "2011.08.11"]
[Round "1"]
[White "Campo Echevarria, Juan Francisco"]
[Black "Asensio Graells, Ricard"]
[Result "1-0"]
[WhiteElo "2112"]
[BlackElo "1510"]
[PlyCount "81"]
[EventDate "2011.08.11"]
[EventType "swiss"]
[EventRounds "9"]
[EventCountry "ESP"]
[SourceTitle "CBM 143 Extra"]
[Source "ChessBase"]
[SourceDate "2011.08.29"]
[SourceVersion "1"]
[SourceVersionDate "2011.08.29"]
[SourceQuality "1"]

1. e4 d5 2. Nf3 dxe4 3. Ng5 Qd5 4. d3 exd3 5. Bxd3 Nf6 6. 0-0 Bg4 7. Qe1 Bf5 8. Nc3 Qd7 9. Bc4 e6 10. Qe2 Bd6 11. Rd1 Qe7 12. Nb5 0-0 13. Be3 Ng4 14. Nxd6 cxd6 15. Bf4 e5 16. h3 Nf6 17. Nxf7 Rxf7 18. Bxf7+ Qxf7 19. Rxd6 Nc6 20. Be3 Ne4 21. Rdd1 Qg6 22. Kh2 Rf8 23. c3 Qe6 24. f3 Nd6 25. Bc5 Rd8 26. Rd2 Nf7 27. Rxd8+ Nfxd8 28. a3 h6 29. Rd1 Kh7 30. Bxa7 e4 31. Bb6 Nf7 32. fxe4 Qxe4 33. Qxe4 Bxe4 34. Rd7 Nce5 35. Re7 Kg6 36. Bd4 Kf5 37. Bxe5 Nxe5 38. Rxg7 Nd3 39. b4 Nf4 40. Rf7+ Ke6 41. Rxf4 1-0

[Event "Figueres op 11th"]
[Site "Figueres"]
[Date "2010.08.18"]
[Round "9"]
[White "Asensio Graells, Ricard"]
[Black "Vidal Palou, Jordi"]
[Result "0-1"]
[WhiteElo "1489"]
[BlackElo "1649"]
[PlyCount "71"]
[EventDate "2010.08.11"]
[EventType "swiss"]
[EventRounds "9"]
[EventCountry "ESP"]
[SourceTitle "CBM 137 Extra"]
[Source "ChessBase"]
[SourceDate "2010.09.01"]
[SourceVersion "1"]
[SourceVersionDate "2010.09.01"]
[SourceQuality "1"]

1. Nf3 Nf6 2. g3 g6 3. Bg2 Bg7 4. d3 Nc6 5. e4 e5 6. 0-0 0-0 7. Nbd2 d6 8. Re1 Bg4 9. h3 Be6 10. Nf1 Nh5 11. g4 Nf6 12. Ng3 Ne7 13. Nh2 d5 14. Qe2 d4 15. f4 exf4 16. Bxf4 c5 17. g5 Nd7 18. Qf3 Ne5 19. Bxe5 Bxe5 20. Ng4 Bxg4 21. Qxg4 Qd6 22. Ne2 f5 23. exf5 Nxf5 24. Rab1 Rae8 25. Kh1 Bh2 26. Bxb7 Ne3 27. Qh4 Nf5 28. Qg4 Bg3 29. Rf1 Bh4 30. Nf4 Ng3+ 31. Kg2 Nf5 32. Qf3 Bxg5 33. Qd5+ Qxd5+ 34. Bxd5+ Kh8 35. Kf3 Re3+ 36. Kg2 0-1

[Event "Figueres op 11th"]
[Site "Figueres"]
[Date "2010.08.14"]
[Round "5"]
[White "Asensio Graells, Ricard"]
[Black "Vilanova Olmedo, Ignasi"]
[Result "1-0"]
[WhiteElo "1489"]
[BlackElo "1687"]
[PlyCount "43"]
[EventDate "2010.08.11"]
[EventType "swiss"]
[EventRounds "9"]
[EventCountry "ESP"]
[SourceTitle "CBM 137 Extra"]
[Source "ChessBase"]
[SourceDate "2010.09.01"]
[SourceVersion "1"]
[SourceVersionDate "2010.09.01"]
[SourceQuality "1"]

1. e4 c6 2. d3 d5 3. Nd2 dxe4 4. dxe4 Nf6 5. Ngf3 Bg4 6. g3 Nxe4 7. Bg2 Nxd2 8. Bxd2 e6 9. 0-0 Be7 10. h3 Bh5 11. Qe2 0-0 12. Rad1 Qb6 13. Bc3 Na6 14. Qe5 Bf6 15. Qxh5 Bxc3 16. bxc3 Qb2 17. Qa5 Qxc2 18. Nd4 Qg6 19. Nxc6 bxc6 20. Qxa6 e5 21. Rd7 Qc2 22. Qa5 1-0